Course in p-adic analysis (Record no. 751129)
[ view plain ]
| 000 -LEADER | |
|---|---|
| fixed length control field | 00502nam a22001817a 4500 |
| 020 ## - INTERNATIONAL STANDARD BOOK NUMBER | |
| ISBN | 9781071646304 |
| 100 ## - MAIN ENTRY--AUTHOR NAME | |
| Personal name | Robert, Alain M |
| 245 ## - TITLE STATEMENT | |
| Title | Course in p-adic analysis |
| 260 ## - PUBLICATION, DISTRIBUTION, ETC. (IMPRINT) | |
| Place of publication | New York |
| Name of publisher | Springer-Verlag |
| Year of publication | 2025 |
| 300 ## - PHYSICAL DESCRIPTION | |
| Number of Pages | xv+437 |
| 490 ## - SERIES STATEMENT | |
| Series statement | Graduate texts in mathematics |
| 500 ## - GENERAL NOTE | |
| General note | Graduate texts in mathematics - 198 |
| 650 ## - SUBJECT ADDED ENTRY--TOPICAL TERM | |
| Topical Term | Derivative |
| 650 ## - SUBJECT ADDED ENTRY--TOPICAL TERM | |
| Topical Term | Continuous function |
| 650 ## - SUBJECT ADDED ENTRY--TOPICAL TERM | |
| Topical Term | Topological algebra |
| 942 ## - ADDED ENTRY ELEMENTS (KOHA) | |
| Source of classification or shelving scheme | Dewey Decimal Classification |
| Koha item type | Book |
| Withdrawn status | Lost status | Source of classification or shelving scheme | Damaged status | Not for loan | Collection code | Home Library | Current Location | Shelving location | Date acquired | Source of acquisition | Full call number | Accession Number | Price effective from | Koha item type |
|---|---|---|---|---|---|---|---|---|---|---|---|---|---|---|
| Dewey Decimal Classification | Gift or donation | Dept. of Mathematics | Dept. of Mathematics | General Stacks | 18/03/2025 | 032/NBHM 0038 (Gift from NBHM) | 512.74 ROB-C | MATG184 | 26/08/2025 | Book |
